000 00348 a2200133 4500
082 _a909.097671
090 _c4978
_d4978
100 _aIrving,T.B.
245 _aIslam Resurgent
_bThe Islamic World Today
_cProf.T.B.Irving
260 _aPakistan
_bSuhail Academy
_c1999
300 _a300p
500 _aHard cover
942 _aNBS
_cBK
_k909.097671 IRV
999 _c347406
_d347406